Emilia Galotti: (Titelsatznr. 76823)
[ MARC ]
| 000 -Satzkennung | |
|---|---|
| Kontrollfeld mit fester Länge | 00739nam a2200265 4500 |
| 001 - Kontrollnummer | |
| Kontrollfeld | 16428 |
| 003 - Kontrollnummer Identifier | |
| Kontrollfeld | OSt |
| 005 - Datum und Zeit der letzten Transaktion | |
| Kontrollfeld | 20230628145009.0 |
| 007 - Feld mit fester Länge zur physischen Beschreibung - Allgemeine Information | |
| Kontrollfeld mit fester Länge | tu |
| 008 - Feld mit fester Länge zur physischen Beschreibung - Allgemeine Angaben | |
| Kontrollfeld mit fester Länge | 111215s1937||||||| ger |
| 040 ## - Katalogisierungsquelle | |
| Original-Katalogisierungsstelle | DE-2950 |
| Übertragungsstelle | DE-2950 |
| 100 1# - Haupteintragung - Personenname | |
| Personenname | Lessing, Gotthold Ephraim |
| 245 00 - Titel | |
| Titel | Emilia Galotti: |
| Zusatz zum Titel | Ein Trauerspiel in fünf Aufzügen/ |
| Verfasserangabe etc. | von G.E. Lessing |
| 264 ## - Produktion, Veröffentlichung, Distribution, Herstellung und Urheberrechtsvermerk | |
| Herstellungs-, Veröffentlichungs- Vertriebs-, Erzeugungsort | Leipzig |
| Produzent, Herausgeber, Distributor, Hersteller | Reclam |
| Datum der Herstellung, der Veröffentlichung, des Vertriebs oder des Urheberschutzvermerks | 1937 |
| 300 ## - Physische Beschreibung | |
| Umfang | 87 S. : handschriftliche Anmerkungen |
| 365 ## - Handelspreis | |
| Währungscode | € |
| 546 ## - Fußnote zur Sprache | |
| Sprache | deutsch |
| 650 04 - Nebeneintragung unter einem Schlagwort - Sachschlagwort | |
| Sachschlagwort oder geografischer Name als Eintragungselement | Theater |
| 650 04 - Nebeneintragung unter einem Schlagwort - Sachschlagwort | |
| Sachschlagwort oder geografischer Name als Eintragungselement | Frankfurt (Oder) |
| 650 04 - Nebeneintragung unter einem Schlagwort - Sachschlagwort | |
| Sachschlagwort oder geografischer Name als Eintragungselement | Regiebuch |
| 650 04 - Nebeneintragung unter einem Schlagwort - Sachschlagwort | |
| Sachschlagwort oder geografischer Name als Eintragungselement | Handschrift |
| 653 ## - Indexierungsterm - Nicht normiert | |
| Nicht-normierter Term | Henneberg, Richard; Schauspieler, Theaterregisseur, [1897? - 1959?] |
| 700 1# - Nebeneintragung - Personenname | |
| Personenname | Henneberg, Richard |
| Funktionsbezeichnung | Regie |
| 942 ## - Zusätzliche Felder (Koha) | |
| Klassifikation oder Aufstellungssystematik | Andere/Generische Klassifikation |
| Koha-Medientyp | Bücher |
| Ausgeschieden | Verloren | Klassifikation oder Aufstellungssystematik | Beschädigt | Nicht entleihbar | Heimatbibliothek | Aufenthaltsbibliothek | Erwerbungsdatum | Kodierter Standort-Qualifier | Anzahl Ausleihen | Signatur | Letzte Aktivität | Exemplarnummer | Preis gültig von | Koha-Medientyp |
|---|---|---|---|---|---|---|---|---|---|---|---|---|---|---|
| Andere/Generische Klassifikation | Stadtarchiv Frankfurt (Oder) | Archivbibliothek | Stadtarchiv Frankfurt (Oder) | Archivbibliothek | 25/11/2020 | M | II: 5111 | 25/11/2020 | 132/ 2011 | 25/11/2020 | Bücher |